Risk and chance in marriage. (Record no. 14637)

000 -LEADER
fixed length control field 00615nam a2200193 a 4500
001 - CONTROL NUMBER
control field :::00012469$&:&@@
003 - CONTROL NUMBER IDENTIFIER
control field OkBaRHE
005 - DATE AND TIME OF LATEST TRANSACTION
control field 20000607103419.0
008 - FIXED-LENGTH DATA ELEMENTS--GENERAL INFORMATION
fixed length control field s1972 j 000 0 eng u
040 ## - CATALOGING SOURCE
Transcribing agency
100 1# - MAIN ENTRY--PERSONAL NAME
Personal name Harnik, Bernard.
245 10 - TITLE STATEMENT
Title Risk and chance in marriage.
Statement of responsibility, etc Foreword by Paul Tournier and an introduction by Keith Miller.
260 ## - PUBLICATION, DISTRIBUTION, ETC. (IMPRINT)
Place of publication, distribution, etc Waco, TX., :
Name of publisher, distributor, etc Word Books
Date of publication, distribution, etc c1972
300 ## - PHYSICAL DESCRIPTION
Extent 179 p. : illus. ;
Dimensions 23 cm.
650 ## - SUBJECT ADDED ENTRY--TOPICAL TERM
Topical term or geographic name as entry element Family
650 ## - SUBJECT ADDED ENTRY--TOPICAL TERM
Topical term or geographic name as entry element Marriage
942 ## - ADDED ENTRY ELEMENTS (KOHA)
Source of classification or shelving scheme
Koha item type Books
Copies
Koha item type Full call number Damaged status Barcode Source of classification or shelving scheme Date acquired Date last seen Copy number Shelving location Price effective from Withdrawn status Not for loan Permanent Location Lost status
BooksHQ 734 .H286 12469 2010-04-142010-04-141General Stacks2010-04-14  RHEMA Bible Training College